| 000 | 01083nam a22002297a 4500 | ||
|---|---|---|---|
| 999 |
_c65702 _d65702 |
||
| 005 | 20240530110839.0 | ||
| 008 | 191215s2008 ua a f b 000 0 ara d | ||
| 017 |
_a2008/2942 _bمصر. دار الكتب |
||
| 040 |
_aEG-CaGPL _cEG-CaGPL |
||
| 082 | 0 | 4 |
_221 _a916.211 _bق / ا خ |
| 100 | 0 | _aايمن احمد محمد محمود | |
| 245 | 1 | 0 |
_aخليج السكندرية واثارة الاقتصادية والاجتماعية والعمرانية فى العصر العثمانى (1517م - 1802 م) : _bدراسة تاريخية وثائقية / _cتاليف ايمن احمد محمد محمود |
| 250 | _aط .1 | ||
| 260 |
_aالقاهرة : _bمصر العربية للنشر والتوزيع، _c2008 |
||
| 300 |
_a167 ص . : _bايض . ؛ _c24 سم . |
||
| 490 | 0 | _aصفحات من تاريخ مدينة الاسكندرية . | |
| 504 | _aيشمل على ارجاعات ببليوجرافية | ||
| 650 | 0 | 7 |
_2qrmak _aخليج اسكندرية _yالعصر العثمانى |
| 651 | _2qrmak | ||
| 942 |
_2ddc _cBK |
||